000 00313 a2200109 4500
001 ART_18678
005 20260410161703.0
008 260409a
245 1 0 _aAlgo mas sobre la factura electronica:
100 1 _aFerraro, Ricardo H.
773 0 _tRevista Impuestos
_g- NÂș 1 (ene. 2011)
_wREV639
999 _c15357
_d15357